00528nam a2200121 a 450000500170000000800410001705000240005810000180008224500750010026000430017552001730021865000150039120140414131935.0110119s19uu xx 00 eng d aREF 625.1bC63 2000 aCoiley, John. aTrain /cwritten by John Coiley ; [special photography, Mike Dunning]. aNew York :bDorling Kindersley,c2000. aTraces the development of railways from the first Babylonian rutways to the electromagnetic, driverless trains of today and describes how trains are built and operated. aRailroads.